Management, a problem-solving Process / (Record no. 188958)

000 -LEADER
fixed length control field 00781 a2200193 4500
003 - CONTROL NUMBER IDENTIFIER
control field Nust
005 - DATE AND TIME OF LATEST TRANSACTION
control field 20230118140713.0
010 ## - LIBRARY OF CONGRESS CONTROL NUMBER
LC control number 79088719
020 ## - INTERNATIONAL STANDARD BOOK NUMBER
International Standard Book Number 0395284902
040 ## - CATALOGING SOURCE
Transcribing agency Nust
082 00 - DEWEY DECIMAL CLASSIFICATION NUMBER
Classification number 658,KRE
100 1# - MAIN ENTRY--PERSONAL NAME
Personal name Kreitner, Robert.
9 (RLIN) 107003
245 10 - TITLE STATEMENT
Title Management, a problem-solving Process /
Statement of responsibility, etc. Robert Kreitner.
260 ## - PUBLICATION, DISTRIBUTION, ETC.
Place of publication, distribution, etc. Boston :
Name of publisher, distributor, etc. Houghton Mifflin,
Date of publication, distribution, etc. c1980.
300 ## - PHYSICAL DESCRIPTION
Extent xix, 554 p. :
Other physical details ill. ;
Dimensions 24 cm.
505 ## - FORMATTED CONTENTS NOTE
Formatted contents note Par t 1: The Problems Solving Management Process (Page-1), Part 2: Planning and Controlling (Page-79), Part 3: Organizing (Page-139), Part 4: Managing Operations and Making Decisions (Page-221), Part 5 : Managing People at Work (Page-283), Part 6: The Environment of Management (Page-443).
650 #0 - SUBJECT ADDED ENTRY--TOPICAL TERM
Topical term or geographic name entry element Management.
942 ## - ADDED ENTRY ELEMENTS (KOHA)
Source of classification or shelving scheme
Koha item type Book
Holdings
Withdrawn status Lost status Source of classification or shelving scheme Damaged status Not for loan Permanent Location Current Location Shelving location Date acquired Full call number Barcode Date last seen Price effective from Koha item type Public note
          Military College of Signals (MCS) Military College of Signals (MCS) General Stacks 12/12/2016 658,KRE MCS20668 12/08/2016 12/12/2016 Book Almirah No.42, Shelf No.4
© 2023 Central Library, National University of Sciences and Technology. All Rights Reserved.